MARC

LEADER 00000ngm^a2200000^a^4500
001 000411974
005 20250521000000.0
009 20260310122127.394
037 |a Acervo ITESO - Biblioteca 
041 |a ESP 
082 |a 860.  |b GUE 
100 |a Guerra, Ruy  |e (realización) 
240 1 4 |a [La increíble y triste historia de la cándida Eréndira y de su abuela desalmada] 
240 1 4 |a [La increíble y triste historia de la cándida Eréndira y de su abuela desalmada. Adaptaciones] 
240 1 1 |a [Eréndira] 
245 1 0 |a Eréndira /  |c Realización de R. Guerra. 
264 4 |a Francia :  |b Les Films du Triangle,  |c 1982, c1982 
264 2 |a Francia :  |b LCJ Editions et Productions [distribución],  |c 2015, c2015 
300 |a 1 DVD región 2 PAL (100 min.) :  |b color 
336 |a imagen móvil bidimensional  |b tdi  |2 rdacontenido 
337 |a video  |b v  |2 rdamedio 
338 |a videodisco  |b vd  |2 rdasoporte 
440 1 |a (Cinéma d'Ailleurs) 
500 |a Basado en: La increíble y triste historia de la cándida Eréndira y de su abuela desalmada, de Gabriel García Márquez 
500 |a Basado en: Muerte constante más allá del amor, de Gabriel García Márquez 
546 |a En español, con subtítulos en francés 
546 |a Doblaje opcional: francés 
586 |a Festival Internacional de Cine de Cannes (36°: 1983): Participante mexicana-alemana-francesa, sección oficial a concurso 
586 |a Premio Nobel de Literatura 1982: Adaptaciones de sus obras 
649 |a XX 
650 |a Cineastas Mozambiqueños 
650 |a Adolescentes en el Cine 
650 |a Abuelos en el Cine 
650 |a Mujeres en el Cine 
650 |a Cine Fantástico 
650 |a Dramas Cinematográficos 
650 |a Cine Mexicano -  |y 1980-1989 
650 |a Cine Mexicano -  |y Siglo XX 
650 |a Cuentos Colombianos -  |x Adaptaciones para Cine 
650 |a Literatura Colombiana -  |y Siglo XX -  |x Adaptaciones para Cine 
650 |a Literatura y Cine 
650 |a Prostitución Infantil -  |x Tema Principal 
650 |a Abuso Sexual Infantil 
650 |a Maltrato Infantil 
650 |a Trabajo Infantil 
650 |a Explotación de Menores 
650 |a Deuda 
650 |a Destino y Fatalismo 
650 |a San Luis Potosí en el Cine 
650 |a Zacatecas en el Cine 
700 |a García Márquez, Gabriel  |e (guión) 
700 |a Clerval, Denys  |e (fotógrafo) 
700 |a Negrón, Alberto  |e (vestuario) 
700 |a Peltier, Kenout  |e (montaje) 
700 |a Lecoeur, Maurice  |e (música) 
700 |a Papas, Irene  |e (actuación) 
700 |a Ohana, Claudia  |e (actuación) 
700 |a Lonsdale, Michael  |e (actuación) 
910 |a Fondo General 
920 |a Audiovisuales - DVDs 
940 |a Películas 
905 |a 308 
901 |a 0500319329  |b IT2  |c DVR  |i C159943  |u 20250521 
902 |a https://opac.biblio.iteso.mx/vufind/Record/000411974